Statistics for Football All-Stars 2019

Click here to take the quiz!

General Stats

  • This quiz has been taken 3 times
  • The average score is 5 of 15

Answer Stats

PositionPlayerCountyClubs% Correct
Left Corner ForwardDavid CliffordKerryFossa
100%
GoalkeeperStephen CluxtonDublinParnells
100%
Left Wing ForwardMichael MurphyDonegalGlenswilly
67%
MidfieldBrian FentonDublinRaheny
33%
Full ForwardCathal McShaneTyroneOwen Roes
33%
Right Corner ForwardCon O'CallaghanDublinCuala
33%
MidfieldDavid MoranKerryKerins O'Rahillys
33%
Right Wing ForwardPaul MannionDublinKilmacud Crokes
33%
Full BackRonan McNameeTyroneAghyaran
33%
Centre ForwardSean O'SheaKerryKenmare
33%
Centre BackBrian HowardDublinRaheny
0%
Right Wing BackJack McCaffreyDublinClontarf
0%
Right Corner BackMichael FitzsimonsDublinCuala
0%
Left Wing BackPaddy DurcanMayoCastlebar Mitchels
0%
Left Corner BackTom O'SullivanKerryDingle
0%

Score Distribution

Percentile by Number Answered

Percent of People with Each Score

Your Score History

You have not taken this quiz